LIBRARY & INFORMATION CENTRE, KCAET, TAVANUR

ONLINE PUBLIC ACCESS CATALOGUE (OPAC)

Development of technology for alternative material to areca leaf plates (Record no. 15013)

MARC details
000 -LEADER
fixed length control field 00715nam a22001817a 4500
003 - CONTROL NUMBER IDENTIFIER
control field OSt
088 ## - REPORT NUMBER
Report number P 201
100 ## - MAIN ENTRY--AUTHOR NAME
Personal name ALBERT C. J
-- ANUSHA P
-- SHEMEEMA U. S
245 ## - TITLE STATEMENT
Title Development of technology for alternative material to areca leaf plates
260 ## - PUBLICATION, DISTRIBUTION, ETC. (IMPRINT)
Place of publication Tavanur 2009
Name of publisher Kelappaji college of Agricultural Engineering and Technology
300 ## - PHYSICAL DESCRIPTION
Number of Pages 40
500 ## - GENERAL NOTE
General note Development of technology for alternative material to areca leaf plates
520 ## - SUMMARY, ETC.
Summary, etc Development of technology for alternative material to areca leaf plates
700 ## - ADDED ENTRY--PERSONAL NAME
Personal name Dr. Santhi Mary Mathew (Guide)
856 ## - ELECTRONIC LOCATION AND ACCESS
Uniform Resource Identifier https://drive.google.com/open?id=1-XLQ-96yZkQcSHCjdkUgPo5uwbRHx4g_
942 ## - ADDED ENTRY ELEMENTS (KOHA)
Koha item type Project Report
Holdings
Collection code Home library Current library Shelving location Full call number Accession Number Koha item type
Reference KAUAET KAUAET Reference 631.75 807 ALB/DE P 201 Project Report
free website counter